Language Quiz

Random Language or Spanish Quiz

Spanish Compound Words Quiz Stats

 Plays Quiz not verified by Sporcle

Challenge
Share
Tweet
Embed
Score 0/25 Timer 05:00
0 Plays Today
% Correct
altibajos
86.7%
anteojos
86.7%
guardarropa
80%
ciempiƩs
80%
paraguas
73.3%
sabelotodo
73.3%
trabalenguas
73.3%
matamoscas
73.3%
rascacielos
73.3%
limpiabotas
73.3%
Nochebuena
73.3%
salvavidas
73.3%
lavamanos
66.7%
% Correct
rompecabezas
66.7%
antepasado
60%
tragamonedas
53.3%
parabrisas
53.3%
sacapuntas
53.3%
salvapantallas
53.3%
pasatiempos
53.3%
portamonedas
46.7%
saltamontes
46.7%
pasamanos
46.7%
aguafiestas
40%
sobretodo
40%

You're not logged in!

Compare scores with friends on all Sporcle quizzes.
Join for Free
OR
Log In

You Might Also Like...

Show Comments

Extras

Top Quizzes Today


Score Distribution

Your Account Isn't Verified!

In order to create a playlist on Sporcle, you need to verify the email address you used during registration. Go to your Sporcle Settings to finish the process.

Report this User

Report this user for behavior that violates our Community Guidelines.

Details: